000 00692nam a2200205 a 4500
001 001116205
003 AM-YeHGA
005 20250617151840.0
008 151126s1961 ru 000 0 rus d
040 _aAM-YeHGA
041 0 _arus
100 1 _aКовалев, Николай Николаевич
245 1 0 _aГидротурбины :
_bКонструкции и вопросы проектирования /
_cН.Н. Ковалев.
260 _aМосква ;
_aЛенинград :
_bМашгиз. ,
_c1961.
300 _a615 с. ,
_bил. :
_c27 см
504 _aБиблиогр.: с. 611-613
650 1 4 _aГидротурбины
942 _2udc
_cBK
090 _c360935
999 _c359110
_d359110